Les Meilleurs buteurs de la Liga 2012-2013 - Statistiques

Statistiques générales
  • Ce quiz a été pris 68 fois
  • Le résultat moyen est 5 sur 11
Statistiques - réponses
Buts Nationalité Club Joueur % Correct
34 Portugal Real Madrid Cristiano Ronaldo
100%
46 Argentine FC Barcelone Lionel Messi
100%
28 Colombie Atlético Madrid Falcao
91%
16 Argentine Real Madrid Gonzalo Higuaín
66%
14 Mexique Real Sociedad Carlos Vela
35%
14 Espagne Athletic Bilbao Aritz Aduriz
34%
25 Espagne Séville FC Álvaro Negredo
23%
24 Espagne Valence CF Roberto Soldado
22%
14 Portugal Real Saragosse Hélder Postiga
6%
24 Espagne Rayo Vallecano Piti
0%
18 Espagne Betis Séville Rubén Castro
0%
Aucun quiz correspondant
Distribution des résultats
% des personnes avec chaque résultat
Percentile par nombre de réponses
Votre historique - résultats
Vous n’avez pas pris ce quiz